BLEACHERS (Record no. 2389)
[ view plain ]
| 000 -LEADER | |
|---|---|
| fixed length control field | 00599nam a22001457a 4500 |
| 020 ## - INTERNATIONAL STANDARD BOOK NUMBER | |
| ISBN | 0-09-946819-0 |
| 082 ## - DEWEY DECIMAL CLASSIFICATION NUMBER | |
| Classification number | 823 |
| Item number | GRI/B |
| 100 ## - MAIN ENTRY--AUTHOR NAME | |
| Personal name | GRISHAM,JOHN |
| 245 ## - TITLE STATEMENT | |
| Title | BLEACHERS |
| 260 ## - PUBLICATION, DISTRIBUTION, ETC. (IMPRINT) | |
| Place of publication | LONDON |
| Name of publisher | ARROW BOOKS |
| 300 ## - PHYSICAL DESCRIPTION | |
| Number of Pages | 163 |
| 520 ## - SUMMARY, ETC. | |
| Summary, etc | Bleachers explores themes of glory, both the rewards and the dangers of it, and the toxic cultural worship of sports heroes, specifically in small Southern towns in America. Throughout the novel, the men who so often won on the field discover that the greatest victories are the ones that are won off it. |
| 650 ## - SUBJECT ADDED ENTRY--TOPICAL TERM | |
| Topical Term | NOVEL,ENGLISH |
| Geographic subdivision | LONDON |
| 942 ## - ADDED ENTRY ELEMENTS (KOHA) | |
| Koha item type | Books |
| Withdrawn status | Lost status | Collection code | Home library | Current library | Shelving location | Date acquired | Source of acquisition | Full call number | Accession Number | Koha item type |
|---|---|---|---|---|---|---|---|---|---|---|
| Fiction | Main Library | Main Library | SHELF-2-D ENGLIAH NOVELS FOR TEACHERS | 06/05/2005 | PURCHASE | 823 GRI/B | 00223 | Books |